Small arms proliferation : a big problem : (Record no. 3821)

MARC details
000 -LEADER
fixed length control field 00763nam a22002177a 4500
003 - CONTROL NUMBER IDENTIFIER
control field LK-CoMWRAF
005 - DATE AND TIME OF LATEST TRANSACTION
control field 20231010093235.0
008 - FIXED-LENGTH DATA ELEMENTS--GENERAL INFORMATION
fixed length control field 231010b |||||||| |||| 00| 0 eng d
040 ## - CATALOGING SOURCE
Original cataloging agency LK-CoMWRAF
Modifying agency LK-CoMWRAF
Description conventions LK-CoMWRAF
041 ## - LANGUAGE CODE
Language code of text/sound track or separate title English
082 ## - DEWEY DECIMAL CLASSIFICATION NUMBER
Classification number 341.733
Item number ARP
942 ## - ADDED ENTRY ELEMENTS (KOHA)
Koha item type Books
100 ## - MAIN ENTRY--PERSONAL NAME
Personal name Arputharaj, Williams James
700 ## - ADDED ENTRY--PERSONAL NAME
Personal name Hemmathagama, Chamila Thushani
700 ## - ADDED ENTRY--PERSONAL NAME
Personal name Nanayakkara, Saradha
245 ## - TITLE STATEMENT
Title Small arms proliferation : a big problem :
Remainder of title a study of legislations in South Asia and the UN program of action
260 ## - PUBLICATION, DISTRIBUTION, ETC. (IMPRINT)
Place of publication, distribution, etc. Colombo:
Name of publisher, distributor, etc. South Asia Partnership International,
Date of publication, distribution, etc. 2003
300 ## - PHYSICAL DESCRIPTION
Extent v, 208 p. ; 27 cm
Other physical details Bibliography included
650 ## - SUBJECT ADDED ENTRY--TOPICAL TERM
Topical term or geographic name as entry element ARMS CONTROL-South Asia
650 ## - SUBJECT ADDED ENTRY--TOPICAL TERM
Topical term or geographic name as entry element Arms control -Law and legislation -South Asia
Holdings
Withdrawn status Lost status Damaged status Not for loan Permanent Location Current Location Date acquired Full call number Barcode Koha item type
        Resource center, Muslim Women's Research And Action Forum Resource center, Muslim Women's Research And Action Forum 2023-10-10 341.733 ARP RAF1685 Books

Copyright © 2023 Muslim Women's Research and Action Forum (MWRAF), No 27/3, Anderson Road, Kalubowila, Dehiwela. Funded by The Asia Fundation